[Event "Haarlem Nova College op 1st"]
[Site "Haarlem"]
[Date "2002.07.07"]
[Round "6"]
[White "Van Dam, Niels"]
[Black "Versporten, Wim"]
[Result "1-0"]
[WhiteElo "1853"]
[BlackElo "2098"]
[PlyCount "101"]
[EventDate "2002.07.05"]
[EventType "swiss"]
[EventRounds "6"]
[EventCountry "NED"]
[SourceTitle "CBM 089 Extra"]
[Source "ChessBase"]
[SourceDate "2002.09.10"]
[SourceVersion "2"]
[SourceVersionDate "2002.09.10"]
[SourceQuality "1"]

1. e4 c6 2. d3 d5 3. Nd2 e5 4. Ngf3 Bd6 5. g3 Nf6 6. Bg2 0-0 7. 0-0 Bg4 8. h3 Bh5 9. Qe1 Re8 10. Nh4 dxe4 11. dxe4 Nbd7 12. Nf5 Bf8 13. Nb3 a5 14. a4 Nc5 15. f3 Nxb3 16. cxb3 Qb6+ 17. Kh2 Qxb3 18. Bg5 Nd7 19. h4 f6 20. Bc1 Red8 21. g4 Bf7 22. Qg3 Bc4 23. Rg1 Bc5 24. Rh1 Nf8 25. g5 fxg5 26. Bxg5 Rd7 27. Bf6 Ng6 28. h5 gxf6 29. hxg6 Be3 30. Qg4 Bf4+ 31. Kh3 Be6 32. Ra3 h5 33. Qxh5 Qxb2 34. Bf1 Qf2 35. Qh4 Qxh4+ 36. Kxh4 Bxf5 37. exf5 Kg7 38. Kg4 Bh6 39. Rb3 Rd4+ 40. Kg3 b5 41. axb5 a4 42. Rc3 Bf4+ 43. Kf2 Rd2+ 44. Be2 e4 45. fxe4 cxb5 46. Rch3 Rg8 47. Rh7+ Kf8 48. Rf7+ Ke8 49. Kf3 Rb2 50. Kxf4 Rxe2 51. Rc1 1-0